00513nam a22001457a 4500020000800000040001600008082001500024100003300039245007200072260006100144300003400205942001200239999001900251952009700270 qHB. cFIZZA ISHAQ a901.9bRUS aMajor , J. Russell.9134432 aThe Western World: Renaissance to the Present /c J. Russell Major. aPhiladelphia New York:bJ. B. Lippincott Company,c1966. axv , 1152 P. : ill. ;c24 CM 2ddccBK c617431d617431 00102ddc4070aNQCbNQCcGENd2026-05-13l0o901.9 RUSpQD-362r2026-05-13w2026-05-13yBK